00669nam a2200205 a 4500008004100000050001700041100001900058245011100077260002200188300001500210350000900225362001600234490002600250490001000276650003800286650003500324650003300359650003100392710004000423090930s1999 ||||||||||||||||| || u aAAU(08)OP/3A aRaseroka, H. K14aThe role of university libraries in African universitiescby The Association of African Universities [AAU] aAccra:bAAUc1999 a22p.: ill. a0.001 a
1999
aAAU Occassional paper vNo. 3 aUNIVERSITIES AND COLLEGES--AFRICA aMANAGEMENT INFORMATION SYSTEMS aUNIVERSITY LIBRARIES--AFRICA aACADEMIC LIBRARIES--AFRICA aAssociation of African Universities